[Event "SPICE Cup Open 2018"]
[Site "St. Louis"]
[Date "2018.10.26"]
[Round "6"]
[White "Prohaszka, Peter"]
[Black "Bok, Benjamin"]
[Result "1/2-1/2"]
[WhiteElo "2626"]
[BlackElo "2639"]
[Annotator "TA"]
[PlyCount "80"]
[EventDate "2018.10.22"]
[EventType "swiss"]
[EventCountry "USA"]
[SourceTitle "playchess.com"]
[Source "ChessBase"]
[SourceQuality "1"]

{[%evp 19,80,-19,-16,-35,-30,-39,-15,-20,-10,-31,0,0,0,0,4,-60,-60,-97,-101,-112,-112,-97,-102,-100,-91,-110,-58,-58,-52,-74,-58,-58,-58,-65,-60,-65,-65,-63,-67,-60,-57,-57,-57,-57,-50,-50,-50,-50,-50,-50,-50,-50,-52,-62,-57,-57,-56,-61,-60,-60,-60,-60,-60]} 1. d4 d5 2. c4 e6 3. Nf3 Nf6 4. g3 Bb4+ 5. Nc3 O-O 6. Bg2 dxc4 7. O-O Nc6 8. Qa4 {E20: Nimzo-Indian: 4 g3 and 4 f3} Nd5 9. Qc2 Be7 10. Rd1 Rb8 {LiveBook: 15 Games} (10... Bd7 11. e4 Ncb4 12. Qd2 Nb6 13. Ne5 Nc6 14. Nxc6 Bxc6 15. Qc2 f5 {1-0 (62) Caruana,F (2822)-So,W (2780) Saint Louis 2018}) 11. Ne5 $146 ({Predecessor:} 11. e4 Ncb4 12. Qb1 Nxc3 13. bxc3 Nd3 14. Qb5 c5 15. Qxc4 Nxc1 16. Raxc1 {½-½ (34) Onischuk,A (2667)-Naroditsky,D (2646) Saint Louis 2017}) 11... Nxe5 12. dxe5 {[%cal Rc3d5]} c6 13. Ne4 Qc7 14. Nd6 Bxd6 15. exd6 Qxd6 16. Qxc4 e5 17. Bxd5 (17. e4 $11 Qb4 18. Qc2) 17... Be6 $15 18. Be3 {[#] Hoping for Bxe6.} cxd5 19. Bxa7 Ra8 ({But not} 19... dxc4 $6 20. Rxd6 Rbc8 21. Be3 $11) 20. Bc5 Qc6 21. Qc1 Rfc8 22. Ba3 f6 (22... Qd7 $17 23. Qd2 d4) 23. Qxc6 Rxc6 24. Rdc1 Rxc1+ 25. Rxc1 $17 {[%mdl 4096] Endgame KRB-KRB. Black is slightly better.} d4 26. Rc7 b5 27. f4 exf4 28. gxf4 Bxa2 29. Bc5 Re8 30. Re7 Rd8 31. Re4 d3 32. exd3 Rxd3 33. Rd4 Rxd4 34. Bxd4 $15 {KB-KB} Kf7 35. Kf2 Ke6 36. b4 Kf5 37. Kg3 h5 38. h4 g5 39. fxg5 fxg5 40. hxg5 Kxg5 {Precision: White = 65%, Black = 74%.} 1/2-1/2

[Event "SPICE Cup Open 2018"]
[Site "St. Louis"]
[Date "2018.10.26"]
[Round "6"]
[White "Shimanov, Aleksandr"]
[Black "Lenderman, Aleksandr"]
[Result "1/2-1/2"]
[WhiteElo "2626"]
[BlackElo "2626"]
[Annotator "TA"]
[PlyCount "39"]
[EventDate "2018.10.22"]
[EventType "swiss"]
[EventCountry "USA"]
[SourceTitle "playchess.com"]
[Source "ChessBase"]
[SourceQuality "1"]

{[%evp 14,39,2,0,0,-1,27,14,16,18,50,28,55,43,55,27,64,45,43,58,48,49,73,2,5,5,18,0]} 1. d4 Nf6 2. Bg5 d5 3. e3 c5 4. Bxf6 gxf6 5. dxc5 e6 6. Nf3 {D00: Damenbauernspiele} (6. c4 dxc4 7. Nd2 c3 8. bxc3 Nd7 9. Bb5 Bxc5 10. Qh5 f5 11. Ngf3 Qf6 12. Rd1 a6 13. Be2 Be7 {1-0 (29) Jobava,B (2690)-Wang,H (2709) Riadh 2017}) 6... Bxc5 7. Be2 Nc6 8. O-O {LiveBook: 7 Partien} O-O 9. c4 dxc4 10. Qa4 $146 ({Vorgänger:} 10. Qc2 Qb6 11. Nbd2 Rd8 12. Nxc4 Qc7 13. a3 Bf8 {0-1 (30) Nguyen,P (2327)-Sivuk,V (2479) Jastrzebia Gora 2015}) 10... Qe7 11. Qxc4 b6 12. Nc3 Bb7 13. Qh4 {Droht Se4 und aus.} Nb4 14. Rfd1 Rfd8 15. a3 Nd5 $1 16. Nxd5 Rxd5 17. b4 {[#] Und weiter mit Txd5 wäre nett.} Bd6 18. e4 (18. Nd4 $16) 18... Rxd1+ $11 19. Rxd1 Kg7 20. e5 {Precision: Weiß = 61%, Schwarz = 61%.} 1/2-1/2

[Event "SPICE Cup Open 2018"]
[Site "St. Louis"]
[Date "2018.10.26"]
[Round "6"]
[White "Gledura, Benjamin"]
[Black "Cori, Jorge"]
[Result "1/2-1/2"]
[WhiteElo "2621"]
[BlackElo "2664"]
[Annotator "TA"]
[PlyCount "55"]
[EventDate "2018.10.22"]
[EventType "swiss"]
[EventCountry "USA"]
[SourceTitle "playchess.com"]
[Source "ChessBase"]
[SourceQuality "1"]

{[%evp 23,55,5,4,-12,0,0,0,0,0,0,7,0,0,0,0,0,0,0,0,0,0,0,0,0,0,0,0,0,0,0,0,0,0,0]} 1. Nf3 d5 2. d4 Nf6 3. c4 c6 4. e3 Bf5 5. Nc3 e6 6. Nh4 Bg6 7. Nxg6 hxg6 8. g3 {D12: Slav Defence: 3 Nf3 Nf6 4 e3 Bf5} (8. h3 Nbd7 9. Bd3 Bd6 10. O-O Qe7 11. e4 dxe4 12. Bxe4 O-O 13. Bg5 Qd8 14. Re1 Qc7 15. Qf3 Bb4 {1-0 (38) Kramnik,V (2808)-Giri,A (2771) Leuven 2017}) 8... Nbd7 9. Qd3 dxc4 10. Qxc4 e5 11. Bg2 Nb6 12. Qe2 exd4 {LiveBook: 6 Games. The position is equal.} 13. exd4+ Be7 14. O-O O-O 15. Bg5 Re8 {[#]} 16. Rad1 $146 Nfd5 17. Bxe7 Rxe7 18. Qd2 Qd6 19. Rfe1 Rae8 20. Rxe7 Rxe7 21. Nxd5 Nxd5 22. Re1 a6 23. Bxd5 Rxe1+ 24. Qxe1 {[#] White wants to mate with Qe8+.} Qxd5 25. Qe7 Qxa2 26. Qd8+ Kh7 27. Qh4+ Kg8 28. Qd8+ {Precision: White = 88%, Black = 84%.} 1/2-1/2

[Event "SPICE Cup Open 2018"]
[Site "St. Louis"]
[Date "2018.10.26"]
[Round "6"]
[White "Daggupati, Balaji"]
[Black "Nyzhnyk, Illya"]
[Result "0-1"]
[WhiteElo "2202"]
[BlackElo "2626"]
[Annotator "TA"]
[PlyCount "82"]
[EventDate "2018.10.22"]
[EventType "swiss"]
[EventCountry "USA"]
[SourceTitle "playchess.com"]
[Source "ChessBase"]
[SourceQuality "1"]

{[%evp 15,82,6,8,0,3,-34,-13,-24,-19,-20,-30,-5,0,0,0,-11,0,-91,-84,-150,-144,-158,-167,-161,-155,-205,-178,-372,-383,-310,0,10,3,9,16,11,20,17,59,0,70,0,0,0,0,0,0,0,0,0,0,0,0,0,0,0,0,0,0,-6187,-2599,-12840,-1006,-1245,-1161,-1739,-1624,-29984,-29983]} 1. e4 c6 2. Ne2 d5 3. e5 c5 4. d4 Nc6 5. c3 cxd4 (5... Bg4 6. h3 Bxe2 7. Bxe2 e6 8. O-O Qb6 9. dxc5 Bxc5 10. b4 Be7 11. Be3 Qc7 12. f4 Nh6 13. Na3 {½-½ (44) Vachier Lagrave,M (2795)-Anand,V (2786) Stavanger 2017}) 6. cxd4 {B12: Caro-Kann: Advance Variation} Bf5 7. Nbc3 e6 8. Ng3 Bg6 {LiveBook: 26 Games} 9. Bd3 Qb6 10. Bxg6 hxg6 11. Nge2 Nh6 $146 ({Predecessor:} 11... Bb4 12. O-O Bxc3 13. bxc3 {0-1 (35) Jelenciak,J (1874)-Danada,O (1936) Slovakia 2015}) 12. Bxh6 Rxh6 13. O-O Be7 14. Rc1 g5 15. Na4 Qc7 16. Nc5 (16. h3 $11 {remains equal.}) 16... Nxe5 $1 $17 17. Ng3 (17. dxe5 $142 Bxc5 18. h3) 17... Nc6 18. Re1 Rh4 19. b4 a6 (19... Rxd4 20. Nxe6 $1 {[%mdl 512]} fxe6 21. Qxd4 $1 $16 {[%mdl 512]}) 20. Qa4 {intending Nxb7.} Rc8 21. b5 $2 (21. Red1) 21... Rxd4 $19 22. Qc2 Rc4 $2 (22... axb5 23. Qh7 $17) (22... Nd8 $1 $19 23. Nxe6 Nxe6 24. Qxc7 Rxc7 25. Rxc7 Nxc7 26. Rxe7+ Kxe7 27. Nf5+ Kf6 28. Nxd4 Nxb5 29. Nxb5 axb5) 23. Nxe6 $1 $11 fxe6 24. Qg6+ Kf8 25. Rxc4 dxc4 26. bxc6 c3 27. Nh5 (27. Qxe6 $5 {[%cal Rg3f5]} Rd8 28. Nf5 $14) 27... Bd6 {[#]} 28. Rxe6 ({White should play} 28. Nxg7 $1 $14 {[%mdl 512]} Qxg7 29. Qxe6) 28... Qf7 $1 {[%cal Rf7g6] And now ...Qxg6 would win.} 29. cxb7 ({Not} 29. Qxg5 $2 Qxe6 30. Qxg7+ Ke8 $19) 29... Rb8 $40 {[%mdl 128] Black is up to no good.} 30. Re8+ $1 ({But not} 30. Rxd6 $2 Qxg6 31. Rxg6 Rxb7 $19) (30. Qxg5 $2 Qxe6 31. Qxg7+ Ke8 $19) 30... Rxe8 {[%cal Re8e1]} 31. Qxd6+ {[%mdl 4096] Endgame KQR-KQN} Kg8 {[%cal Re8e1]} 32. b8=Q {Threatens to win with Qb1.} c2 33. Qxe8+ $1 Qxe8 {[%cal Re8e1]} 34. Qd2 $1 {Ng3 is the strong threat.} Qe5 (34... Qc8 $5 35. Qc1 $8 Qc4 $11) 35. g4 $1 Qa1+ 36. Kg2 c1=Q {[#]} 37. Qd5+ $2 {[%mdl 8192]} (37. Nf6+ $1 $11 {[%mdl 512]} Kf8 (37... Qxf6 38. Qxc1) 38. Qd8+ Kf7 39. Qd7+ Kxf6 40. Qd6+ Kf7 41. Qd7+ Kg6 42. Qd3+ Kf6 43. Qd6+ Kf7 44. Qd7+ Kg6 45. Qd3+ Kf6 46. Qd6+) 37... Kh7 $19 {( -> ...Qg1+)} 38. Ng3 g6 39. Qf7+ Qg7 40. Qe6 Qb7+ 41. Kh3 Qf4 {Precision: White = 51%, Black = 78%.} 0-1

[Event "SPICE Cup Open 2018"]
[Site "St. Louis"]
[Date "2018.10.27"]
[Round "7"]
[White "Cori, Jorge"]
[Black "Shimanov, Aleksandr"]
[Result "1/2-1/2"]
[WhiteElo "2664"]
[BlackElo "2626"]
[Annotator "TA"]
[PlyCount "35"]
[EventDate "2018.10.22"]
[EventType "swiss"]
[EventCountry "USA"]
[SourceTitle "playchess.com"]
[Source "ChessBase"]
[SourceQuality "1"]

{[%evp 32,35,13,15,20,7]} 1. Nf3 Nf6 2. c4 c5 3. g3 Nc6 4. Bg2 d5 5. cxd5 Nxd5 6. Nc3 g6 7. O-O Bg7 8. Nxd5 Qxd5 9. d3 O-O 10. Be3 Bd7 11. Nd4 Qd6 12. Nxc6 Bxc6 13. Bxc6 {A38: Englische Eröffnung (Symmetrische Variante)} Qxc6 14. Rc1 Qa6 15. Qb3 b6 16. Rc4 Rfd8 17. Rfc1 {LiveBook: 7 Partien} Rd7 {[#]} 18. h4 $146 ({Vorgänger:} 18. a3 Rad8 19. Qc2 Bd4 20. Bxd4 Rxd4 21. Qc3 {½-½ (21) Tomashevsky,E (2696)-Sutovsky,E (2646) Minsk 2017}) 1/2-1/2

[Event "SPICE Cup Open 2018"]
[Site "St. Louis"]
[Date "2018.10.27"]
[Round "7"]
[White "Bok, Benjamin"]
[Black "Gledura, Benjamin"]
[Result "1/2-1/2"]
[WhiteElo "2639"]
[BlackElo "2621"]
[Annotator "TA"]
[PlyCount "31"]
[EventDate "2018.10.22"]
[EventType "swiss"]
[EventCountry "USA"]
[SourceTitle "playchess.com"]
[Source "ChessBase"]
[SourceQuality "1"]

{[%evp 14,31,23,20,31,32,37,21,32,23,12,21,28,8,7,13,8,8,11,0]} 1. Nf3 d5 2. d4 Nf6 3. c4 c6 4. cxd5 cxd5 5. Nc3 Nc6 6. Bf4 Nh5 7. Bd2 {D13: Slav Defence: Exchange variation without ...Bf5} Nf6 8. e3 {LiveBook: 11 Games} g6 9. Be2 {White is slightly better.} Bg7 10. Ne5 $146 ({Predecessor:} 10. O-O O-O 11. Rc1 e6 12. Ne1 Bd7 13. Nd3 Qb8 14. b4 Rc8 {1-0 (71) Sorensen,T (2091)-Pedersen,F (2334) Denmark 2009}) 10... O-O 11. O-O Nxe5 12. dxe5 Ne4 13. Nxe4 dxe4 {The position is equal.} 14. Bc3 $1 Qxd1 15. Rfxd1 Be6 16. f4 1/2-1/2

[Event "SPICE Cup Open 2018"]
[Site "St. Louis"]
[Date "2018.10.27"]
[Round "7"]
[White "Lenderman, Aleksandr"]
[Black "Prohaszka, Peter"]
[Result "1-0"]
[WhiteElo "2626"]
[BlackElo "2626"]
[Annotator "TA"]
[PlyCount "81"]
[EventDate "2018.10.22"]
[EventType "swiss"]
[EventCountry "USA"]
[SourceTitle "playchess.com"]
[Source "ChessBase"]
[SourceQuality "1"]

{[%evp 24,81,20,15,44,37,6,20,46,32,0,0,48,48,65,38,47,39,40,41,42,13,34,8,44,51,68,69,76,83,111,108,110,121,135,48,116,116,108,0,274,258,373,365,511,500,470,467,474,421,970,465,29993,29994,29994,29995,29995,0,29996,29997]} 1. c4 c6 2. d4 d5 3. Nf3 Nf6 4. Nc3 dxc4 5. a4 Bf5 6. Ne5 Nbd7 7. Nxc4 Nb6 8. Ne5 a5 9. h4 {D17: Slav Defence: 5 a4 Bf5: Lines with 6 Nh4 and 6 Ne5} h6 10. f3 Nfd7 11. e4 Bh7 12. Nd3 e6 13. Be3 {LiveBook: 20 Games} Bd6 14. Ne2 O-O 15. Qb3 {[#]} Rb8 $146 ({Predecessor:} 15... Kh8 16. Nef4 Nc8 {½-½ (41) Nakamura,H (2763)-Bu,X (2712) Batumi 2018}) 16. g4 Be7 17. Bf2 Nc8 18. Rc1 Re8 19. Nef4 e5 20. dxe5 Nxe5 21. Be2 Bf6 22. Kf1 Nd6 23. Nh5 b5 {[#] ...bxa4 is the strong threat.} (23... Nxd3 {is more complex.} 24. Qxd3 Bxb2 25. Rd1 Nxe4 26. fxe4 Qxd3 27. Bxd3 Bxe4 28. Rh3 Bxd3+ 29. Rhxd3 b5) 24. Nxf6+ Qxf6 25. Nxe5 Qxe5 26. Rc5 $36 {[%mdl 2048] Black is under strong pressure.} ({Inferior is} 26. Rxc6 Nxe4 27. fxe4 bxa4 $17) 26... Nxe4 27. fxe4 Qxe4 28. Bf3 Qf4 29. axb5 (29. Bxc6 $16 bxa4 30. Qf3 (30. Qxa4 $2 Bd3+ 31. Kg1 Rb4 $19) 30... Qxf3 31. Bxf3) 29... Rxb5 ({Better is} 29... a4 $14 30. Qc3 cxb5) 30. Rxb5 $16 cxb5 31. Qxb5 (31. Rh3 $16) 31... Rb8 $2 {[%mdl 8192] [#]} (31... Re3 $1 $11 {and Black is okay.} 32. Be2 Be4) 32. Qd5 $18 h5 (32... Re8 {was called for.} 33. Qc6 Qe5) 33. Rg1 Qc1+ 34. Kg2 Qxb2 35. gxh5 a4 36. Re1 a3 (36... Rf8 $142 37. Qd7 Bc2) 37. Re7 (37. Re2 $142 Qf6 38. Bc5) 37... a2 (37... Qf6 $18) 38. Qxf7+ Kh8 39. Re8+ Rxe8 40. Qxe8+ Bg8 41. Bd5 $1 {Precision: White = 65%, Black = 23%.} 1-0

[Event "SPICE Cup Open 2018"]
[Site "St. Louis"]
[Date "2018.10.27"]
[Round "7"]
[White "Nyzhnyk, Illya"]
[Black "Tang, Andrew"]
[Result "1-0"]
[WhiteElo "2626"]
[BlackElo "2469"]
[Annotator "TA"]
[PlyCount "67"]
[EventDate "2018.10.22"]
[EventType "swiss"]
[EventCountry "USA"]
[SourceTitle "playchess.com"]
[Source "ChessBase"]
[SourceQuality "1"]

{[%evp 19,67,0,8,5,25,25,12,0,0,0,0,-5,-7,0,33,27,31,31,54,50,50,-130,0,0,0,-1,185,200,397,97,97,95,85,55,192,69,70,0,414,412,29982,29983,29982,29982,29987,29988,29988,29989,29992,29993]} 1. c4 e6 2. d4 d5 3. Nc3 Nf6 4. Bg5 Be7 5. Nf3 h6 6. Bh4 O-O 7. Rc1 b6 8. e3 Bb7 9. a3 Nbd7 {D58: Queen's Gambit Declined: Tartakower Defence} 10. cxd5 exd5 {LiveBook: 13 Games} 11. Qb3 (11. Be2 c5 12. O-O Rc8 13. Bg3 Nh5 14. dxc5 Nxg3 15. hxg3 Nxc5 16. Nd4 Bf6 17. Bg4 Ra8 18. b4 Bxd4 19. exd4 Ne4 20. Re1 {1-0 (42) Arutinian,D (2536)-Kuzubov,Y (2689) Batumi 2018}) 11... Re8 $146 {The position is equal.} ({Predecessor:} 11... c6 12. Bxf6 Nxf6 13. Bd3 Bd6 14. O-O Re8 15. Qc2 c5 16. Rfd1 c4 17. Bf1 {0-1 (37) Pedersen,B-Sorensen,A Denmark 1982}) 12. Be2 c6 13. Bg3 Nh5 14. Be5 Nhf6 15. O-O Nxe5 16. Nxe5 Nd7 17. f4 Nxe5 18. fxe5 Bg5 19. Ne4 $1 {[%cal Re4d6]} dxe4 20. h4 $2 {[#]} (20. Rxf7 $14 {is the one way to stay ahead.} Bxe3+ 21. Rf2+ Kh8 22. Qxe3) 20... Bxe3+ $1 21. Qxe3 $11 Qxh4 22. Rf5 g6 $2 (22... Bc8 $11 23. Rh5 Qd8) 23. g3 $1 $18 {[%cal Rg3h4]} Qh3 $2 (23... Qd8 24. Rf6 b5) 24. Rf2 $2 (24. Rf4 $1 $18 {is the precise move to win. Bg4 is the strong threat.} Qd7 25. Bc4) 24... c5 $16 {White must now prevent ...cxd4.} 25. Bc4 Re7 {aiming for ...cxd4.} 26. dxc5 {And now Rcf1 would win.} Rd8 (26... Qg4 $14) 27. c6 ({Only move:} 27. cxb6 $18 {Strongly threatening Rcf1.} Red7 28. bxa7 Rd1+ 29. Rxd1 Rxd1+ 30. Rf1 Rxf1+ 31. Bxf1) 27... Bxc6 $14 28. e6 (28. Rh2 $1 $14 Qg4 29. Be2) 28... Bd5 $2 {[%mdl 8192] [#]} ({Wrong is} 28... fxe6 $2 29. Bf1 $18) (28... Be8 $11) 29. Rh2 $1 $18 {[%cal Rh2h3]} Qg4 (29... Qxh2+ $18 30. Kxh2 fxe6) 30. Qxh6 {[%csl Gh2][%cal Rh6h8] White mates.} Qxg3+ 31. Rg2 Qe5 {[#]} 32. exf7+ $1 Rxf7 33. Rxg6+ Rg7 34. Bxd5+ {Precision: White = 53%, Black = 26%.} 1-0

[Event "SPICE Cup Open 2018"]
[Site "St. Louis"]
[Date "2018.10.27"]
[Round "7"]
[White "Liang, Awonder"]
[Black "Durarbayli, Vasif"]
[Result "0-1"]
[WhiteElo "2572"]
[BlackElo "2629"]
[Annotator "TA"]
[PlyCount "73"]
[EventDate "2018.10.22"]
[EventType "swiss"]
[EventCountry "USA"]
[SourceTitle "playchess.com"]
[Source "ChessBase"]
[SourceQuality "1"]

{[%evp 14,73,35,0,0,0,0,-26,-10,-11,-10,-10,-10,-8,0,-6,0,-8,0,-12,-7,-3,0,-60,-64,-182,-168,-180,-170,-160,-75,-72,-78,-69,-36,-89,-88,-93,-92,-164,-159,-370,-371,-377,-383,-814,-814,-757,-756,-4132,-4132,-1975,-1961,-1427,-983,-1318,-1260,-1150,-1236,-1195,-1193,-1178]} 1. e4 e6 2. d4 d5 3. Bd3 c5 4. exd5 exd5 5. Nf3 Nc6 (5... Nf6 6. O-O c4 7. Re1+ Be7 8. Be2 O-O 9. b3 cxb3 10. axb3 Nc6 11. c3 Re8 12. Nbd2 Bd6 13. Bd3 Bg4 14. Rxe8+ Qxe8 {0-1 (52) Fontaine,R (2563)-Carlsen,M (2834) chess.com INT 2018}) 6. O-O {C01: Französische Verteidigung (Abtauschvariante)} cxd4 7. Re1+ Be7 8. Bg5 {LiveBook: 3 Partien. Weiß steht etwas besser.} h6 $146 ({Vorgänger:} 8... Be6 9. Bxe7 Ngxe7 10. Nbd2 Bg4 11. Nb3 Qb6 12. h3 Bh5 13. g4 Bg6 14. Nfxd4 {½-½ (14) Zinchenko,Y (2536)-Antic,D (2470) Paleochora 2013}) 9. Bxe7 Ngxe7 {[%cal Bg8e7,Be7f5,Bf5d6,Bd6e4][%mdl 32]} 10. h3 Qb6 11. Qc1 O-O 12. Nbd2 Bf5 13. Bxf5 Nxf5 14. Nb3 $1 Nd6 15. Qd1 Rfe8 16. Rxe8+ Rxe8 17. Nfxd4 Ne4 18. c3 ({Günstiger ist} 18. Qd3 $11) 18... a5 $1 $15 {[%cal Ba7a5,Ba5a4][%mdl 32]} 19. Qe2 ({Lieber} 19. Rb1 $15) 19... a4 $19 20. Nxc6 bxc6 21. Nd4 Rb8 (21... c5 $142 $1 {[%cal Rc5d4]} 22. Nf3 Rb8) 22. f3 $17 Nd6 {Und weiter mit ...c5 wäre nett.} 23. Rb1 a3 {[%cal Ra3b2]} 24. b3 (24. b4 $1 $15) 24... c5 $36 {[%mdl 2048] Schwarz ist am Drücker.} 25. Nc2 Nb5 26. Qd2 {[#]} (26. Qe5 $17 {war angesagt.}) 26... Qf6 $1 $19 27. c4 $2 (27. Re1 $17 {ist eine bessere Verteidigung.}) 27... dxc4 28. bxc4 {[#]} Qb2 $3 {[%cal Rb2b1][%mdl 512]} 29. Rf1 $2 ({Ein No Go ist} 29. Rxb2 axb2 30. Qe1 Nc3 $19) (29. Rd1 Nc3 30. Re1) 29... Nd4 {Schwarz steht klar auf Gewinn.} 30. Rf2 Qxa2 31. Nxd4 Qxd2 32. Rxd2 cxd4 {KT-KT} 33. Ra2 Rb3 34. Kh2 Kf8 35. Kg3 Ke7 36. c5 Kd7 37. Rc2 {Precision: Weiß = 35%, Schwarz = 69%.} 0-1

[Event "SPICE Cup Open 2018"]
[Site "St. Louis"]
[Date "2018.10.27"]
[Round "7"]
[White "Patel, Advait"]
[Black "Bruzon Batista, Lazaro"]
[Result "0-1"]
[WhiteElo "2461"]
[BlackElo "2653"]
[Annotator "TA"]
[PlyCount "66"]
[EventDate "2018.10.22"]
[EventType "swiss"]
[EventCountry "USA"]
[SourceTitle "playchess.com"]
[Source "ChessBase"]
[SourceQuality "1"]

{[%evp 26,66,24,20,32,2,21,22,33,7,0,12,20,12,63,0,32,0,87,97,183,170,155,106,108,0,0,-56,-46,-48,-51,-190,-186,-453,-585,-568,-461,-1618,-1508,-1903,-1752,-29985,-11644]} 1. e4 c5 2. Nf3 d6 3. d4 cxd4 4. Nxd4 Nf6 5. Nc3 a6 6. Bg5 e6 7. f4 Nbd7 8. Qe2 Qc7 9. O-O-O b5 10. a3 {B96: Sicilian Najdorf: 6 Bg5 e6 7 f4, lines other than 7...Qb6 and 7...Be7} Be7 11. g4 Bb7 12. Kb1 (12. Bh4 b4 13. axb4 a5 14. Bxf6 Nxf6 15. b5 a4 16. g5 Nxe4 17. Nxe4 d5 {½-½ (40) Adhiban,B (2677)-Nepomniachtchi,I (2751) Tbilisi 2017}) 12... h6 13. Bh4 Rc8 14. Rg1 {LiveBook: 9 Games} g6 {[#]} 15. Bg3 $146 ({Predecessor:} 15. f5 e5 16. Nb3 gxf5 17. exf5 Ne4 18. Nxe4 Bxe4 19. Qxe4 Bxh4 {½-½ (51) Noble,M (2502)-Hefka,V (2571) ICCF email 2013}) 15... e5 16. Nb3 Nb6 17. h4 Na4 18. Nd5 Bxd5 $1 19. exd5 {[%cal Rf4e5]} Nxg4 (19... Nd7 $11) 20. Bh3 (20. h5 $5) 20... h5 ({Much worse is} 20... Qc3 $6 21. bxc3 Nxc3+ 22. Kb2 $16) 21. Rg2 {[#] aiming for fxe5.} exf4 (21... e4 $1 $11 22. Qxe4 O-O) 22. Bxf4 $16 Kf8 (22... Nb6 $16) 23. Bxg4 $18 hxg4 24. Rxg4 Bf6 {[%cal Be7f6,Bf6b2,Bb2g7][%mdl 32]} 25. Qh2 (25. Nd4 $16 {And now Rxg6! would win.} Kg8 26. Bg5) 25... Qd7 $11 26. Bxd6+ (26. Rdg1 $11) 26... Kg8 $15 27. Rdg1 Rc4 $36 {[%mdl 2048] Black is pushing.} 28. Bf4 (28. Rxc4 $15 bxc4 29. Nc5 Nxc5 30. Bxc5 Qxd5 31. Rf1) 28... Bxb2 29. d6 $2 {[#]} (29. Nd2 {was the only chance.} Rc8 30. Rg5) 29... Bg7 $19 30. Qd2 Rh5 31. Qd3 (31. R4g3 $142 Nc3+ 32. Rxc3 Bxc3 33. Qe3) 31... Nc3+ 32. Kc1 Rd5 33. Qf3 Qf5 {Precision: White = 25%, Black = 58%.} 0-1

[Event "SPICE Cup Open 2018"]
[Site "St. Louis"]
[Date "2018.10.27"]
[Round "8"]
[White "Bruzon Batista, Lazaro"]
[Black "Lenderman, Aleksandr"]
[Result "1/2-1/2"]
[WhiteElo "2653"]
[BlackElo "2626"]
[Annotator "TA"]
[PlyCount "136"]
[EventDate "2018.10.22"]
[EventType "swiss"]
[EventCountry "USA"]
[SourceTitle "playchess.com"]
[Source "ChessBase"]
[SourceQuality "1"]

{[%evp 16,136,9,6,23,17,28,16,27,15,22,28,43,38,32,35,41,41,48,46,48,43,60,60,67,48,88,93,83,86,81,81,83,87,87,81,100,79,77,59,56,64,66,64,60,68,132,118,124,121,114,52,47,42,49,45,56,50,45,51,50,41,103,99,122,108,112,91,91,94,93,86,88,37,38,35,78,76,84,73,87,83,85,96,87,84,87,81,87,95,107,91,120,16,20,16,14,14,38,0,0,0,0,0,0,0,0,0,0,0,0,0,0,0,0,0,0,0,0,0,0,0,0]} 1. e4 e6 2. d4 d5 3. Nd2 c5 4. exd5 Qxd5 5. dxc5 Bxc5 6. Ngf3 Nf6 7. Bc4 Qc6 {C07: French Tarrasch: 3...c5, 4 Ngf3 and 4 exd5 Qxd5} 8. Qe2 O-O 9. O-O {LiveBook: 51 Games} (9. Nb3 Nbd7 10. Bf4 Bd6 11. Nbd4 Qb6 12. Bxd6 Qxd6 13. O-O-O Qf4+ 14. Kb1 Nb6 15. Bb3 {0-1 (28) Naiditsch,A (2705)-Le,Q (2737) Riadh 2017}) 9... b6 10. Nb3 Bb7 11. Nxc5 Qxc5 12. b3 Nbd7 13. Bb2 Qh5 14. Ne5 Qxe2 15. Bxe2 Nxe5 16. Bxe5 {[#]} Rfd8 $146 17. Rfd1 Ne4 18. f3 Nc5 19. Kf2 f6 20. Bc7 Rdc8 21. Bd6 Bd5 22. c4 Bc6 23. b4 Nb7 24. Bf4 Ba4 25. Rd2 Rd8 26. Rc1 e5 27. Be3 Rxd2 $1 28. Bxd2 Be8 29. Be3 Rc8 30. Rc3 Bf7 (30... h6 $14) 31. Ra3 $16 a5 32. Bxb6 axb4 {[#]} 33. Ra7 (33. Ra4 $1 $16) 33... Nd8 $1 $14 34. Bxd8 Rxd8 {[%mdl 4096] Endgame KRB-KRB} 35. Rb7 Ra8 36. Rxb4 Be8 37. Rb2 Kf8 38. Bd3 Bf7 ({Black should play} 38... h6 $14) 39. c5 $16 {[%cal Bc4c5,Bc5c6][%mdl 32]} g6 40. c6 Rc8 41. Rc2 Ke7 42. Bb5 Bd5 43. Ke3 Kd6 44. f4 (44. a4 $16) 44... exf4+ $14 45. Kxf4 Rc7 {[%cal Rd5c6]} 46. Ke3 Re7+ 47. Kf2 Kc7 48. g3 Re5 {[#]} 49. a4 $1 Be4 50. Rd2 {Black must now prevent Rd7+.} Bd5 51. Rd3 h5 52. Re3 Be4 53. h4 g5 54. hxg5 (54. Re2 $16) 54... fxg5 $11 55. Kg1 Re8 $1 56. a5 Rb8 57. Rxe4 (57. Be2 {feels hotter.} Bxc6 58. Bxh5 Rb1+ 59. Kf2 Ra1 60. Re5) 57... Rxb5 $14 {KR-KR. The position is equal.} 58. Ra4 {aiming for a6.} Rc5 59. a6 {a7 is the strong threat.} Kb8 60. a7+ Ka8 61. Ra6 h4 62. gxh4 gxh4 63. Kh2 Rc2+ 64. Kh3 Rc4 65. Ra3 Rxc6 66. Kxh4 Rc7 67. Kg3 Rxa7 68. Rxa7+ Kxa7 {Precision: White = 75%, Black = 66%.} 1/2-1/2